| 000 | 00444nam a22001817a 4500 | ||
|---|---|---|---|
| 005 | 20260220114231.0 | ||
| 008 | 260220b |||||||| |||| 00| 0 eng d | ||
| 020 |
_a9789382676812 _c270.00 |
||
| 040 | _aMAIN | ||
| 041 | _aEnglish | ||
| 082 |
_a005.8 _bMIS |
||
| 100 |
_aMishra, J.P. _925969 |
||
| 245 | _aIntroduction to Cyber Law | ||
| 260 |
_aAllahabad _bCentral Law _c2023 |
||
| 300 | _a419 | ||
| 650 | _aComputer Science | ||
| 942 | _cBK | ||
| 999 |
_c60415 _d60415 |
||